• 首页
  • 本馆介绍
  • 公告通知
  • 最新文献
  • 馆藏检索
  • 电子资源
  • 读者导购
  • 参考咨询
  • 我的图书馆
  • 登录
  • 详细信息显示
  • 放入我的书架
  • 预约/预借图书
  • 作者相关作品
  • 分类相关作品
  • 丛书相关作品
  • 出版社相关作品

书目信息

  • 表格格式
  • 工作单格式
  • 卡片格式
题名:
《毛泽东思想和中国特色社会主义理论体系概论》重点难点问题解析
    
 
作者: 刘新跃 主编
分册:  
出版信息: 合肥   合肥工业大学出版社  2015.09
页数: 229页
开本: 24cm
丛书名:
单 册:
中图分类: A84 , D610
科图分类:
主题词: 毛泽东思想--高等教育--教学参考资料 , 中国特色社会主义--理论体系--高等教育--教学参考资料
电子资源:
ISBN: 978-7-5650-2396-5
000 01197nam0 2200277 450
001 0120161796376
005 20160704085253.98
010    @a978-7-5650-2396-5@dCNY40.00
100    @a20160315d2015 em y0chiy50 ea
101 0  @achi
102    @aCN@b340000
105    @ay z 000yy
106    @ar
200 1  @a《毛泽东思想和中国特色社会主义理论体系概论》重点难点问题解析@9《 mao ze dong si xiang he zhong guo te se she hui zhu yi li lun ti xi gai lun 》zhong dian nan dian wen ti jie xi@f刘新跃主编
210    @a合肥@c合肥工业大学出版社@d2015.09@h2016.01印
215    @a229页@d24cm
300    @a安徽省高等教育振兴计划“弘扬核心价值观名师工作室”项目
330    @a本书共分为十二章,主要内容包括:马克思主义中国化两大理论成果;新民主主义革命理论;社会主义改造理论;社会主义建设道路初步探索的理论成果;建设中国特色社会主义总依据;社会主义本质和建设中国特色社会主义总任务等。
333    @a毛泽东思想相关研究人员
606 0  @a毛泽东思想@x高等教育@j教学参考资料
606 0  @a中国特色社会主义@x理论体系@x高等教育@j教学参考资料
690    @aA84@v5
690    @aD610@v5
701  0 @a刘新跃@9liu xin yue@f(1961-)@4主编
801  0 @aCN@b人天书店@c20160315
905    @b880238-43@dA84@e149@f6
    
    《毛泽东思想和中国特色社会主义理论体系概论》重点难点问题解析/刘新跃主编.-合肥:合肥工业大学出版社,2015.09(2016.01印)
    229页;24cm
    安徽省高等教育振兴计划“弘扬核心价值观名师工作室”项目.-使用对象:毛泽东思想相关研究人员
    
    ISBN 978-7-5650-2396-5:CNY40.00
    本书共分为十二章,主要内容包括:马克思主义中国化两大理论成果;新民主主义革命理论;社会主义改造理论;社会主义建设道路初步探索的理论成果;建设中国特色社会主义总依据;社会主义本质和建设中国特色社会主义总任务等。
●
相关链接 在E读中查询图书 在五车中查询图书 在当当中查询图书 在豆瓣中查询图书


正题名:《毛泽东思想和中国特色社会主义理论体系概论》重点难点问题解析     索取号:A84/149         预约/预借

序号 登录号 条形码 馆藏地/架位号 状态 备注
1 880238   208802385   第一样本阅览室/ [索取号:A84/149] 在馆    
2 880239   208802394   教育系资料室/ [索取号:A84/149] 在馆    
3 880240   208802401   教育系资料室/ [索取号:A84/149] 在馆    
4 880241   208802410   教育系资料室/ [索取号:A84/149] 在馆    
5 880242   208802429   第一借阅区/ [索取号:A84/149] 在馆    
6 880243   208802438   第一借阅区/ [索取号:A84/149] 在馆    
唐山师范学院图书馆 欢迎您!
大连网信软件有限公司© 版权所有